Deutsche Namen auf Italienisch - Statistiken

Allgemein
  • Dieses Quiz wurde 825 mal gespielt
    801 seit der letzten Aktualisierung
  • Das Durchschnittsergebnis liegt bei 39 aus 73
Antwortstatistiken
Hint Antwort % Korrekt
Albert Alberto
94%
Adrian Adriano
91%
Alfred Alfredo
91%
Anton Antonio
89%
Eduard Edoardo
81%
Emil Emiliano
79%
Christian Cristiano
78%
August Agostino / Augusto
77%
Fabian Fabio / Fabiano
77%
Andreas Andrea
76%
Leonard Leonardo
74%
Claudius Claudio
73%
Marc Marco
72%
Lorenz Lorenzo
71%
Robert Roberto
71%
David Davide
69%
Karl Carlo
68%
Stefan Stefano
68%
Valentin Valentino
68%
Daniel Daniele
67%
Marcel Marcello
67%
Alexander Alessandro / Alessio
66%
Frank Franco
65%
Gabriel Gabriele
63%
Lukas Luca
63%
Arthur Arturo
62%
Dominik Domenico
62%
Richard Riccardo
60%
Nicolas Nicola / Nicolo
59%
Sophie Sofia
59%
Georg Giorgio
56%
Elias Elia
54%
Elisabeth Elisabetta
54%
Manuel Emanuele
54%
Julia Giulia
52%
Paul Paolo
52%
Tizian Tiziano
52%
Gregor Gregorio
51%
Luzian Luciano
51%
Matthias Mattia / Matteo
51%
Sebastian Sebastiano
51%
Vinzent Vincenzo
51%
Franz Francesco
50%
Samuel Samuele
50%
Marius Mario
48%
Philip Filipo
47%
Frederik Federico
46%
Maxim Massimo
43%
Thomas Tommaso
43%
Viktor Vittorio
43%
Benedikt Benedetto
42%
Julian Giuliano
42%
Josef Giuseppe
42%
Patrick Patrizio
41%
Henrik Enrico
40%
Ignaz Ignazio
40%
Karin Carina
38%
Raphael Raffaele
38%
Maximilian Massimiliano
37%
Helene Elena
36%
Peter Pietro
35%
Jan Gian
34%
Ludwig Luigi / Ludovico
34%
Pascal Pasquale
31%
Hans Giovanni
29%
Hugo Ugo
29%
Ulrich Ulrico
26%
Lauren Laura / Lorena
25%
Moritz Maurizio
24%
Rudolph Rodolfo
24%
Christoph Cristofero / Cristoforo
22%
Jakob Giacobbo
13%
Heinz Enzo
12%
Keine übereinstimmenden Quizze gefunden
Verteilung der Resultate
Anzahl Personen mit jedem Resultat
Perzentil nach korrekt beantworteten Fragen
Ihre Resultats-Entwicklung
Sie haben dieses Quiz seit der letzten Aktualisierung nicht gespielt